Quizzes
Events
Quiz Creation
Community
Videos
Private Events
Remove Ads
Sign In
Join for FREE
Feedback
Dark Mode
Quiz Categories
Sports
Geography
Music
Movies
Television
Just For Fun
Miscellaneous
History
Literature
Language
Science
Gaming
Entertainment
Religion
Holiday
For Kids
Quiz Lab
Recent
Popular Today
Quiz Kudos Today
Editor Picks
Curator Picks
Quizzes by...
Day
Popularity
Type
Ratings
Length
Year
Community
Subscriptions
Recent Discussions
Orange Saloon
Badges
Playlists
Quests
Create
Leaderboards
Showdown
Live 5
Trivia Bingo
Activity
Puzzle Library
Sporcle Events
Private Events
Virtual Trivia
Globe League
Become a Host
Pub Owners
SporcleCon
Opinionation
Our Games
Videos
Blog
Mobile Apps
Partnerships
Remove Ads and Go Orange
Feedback
Gaming
Video Games
Board Games
Card Games
Pokémon
Mario
Nintendo
Minecraft
Console
Toys
Legend of Zelda
Gaming
Video Games
Board Games
Card Games
Pokémon
Mario
Nintendo
Minecraft
Console
Toys
Legend of Zelda
Random Quiz
Search Sporcle
×
Quiz Lab
Quiz Lab
Gaming
attachment
Type in answers that appear in a list
Type in answers that appear in a list
Classic
Best Score? Go Orange.
MW2 Guns & Attachments Stats
Can you name the MW2 Guns & Attachments?
By
rob9y1
10m
58 Questions
267 Plays
267 Plays
267 Plays
Comments
Comments
Give Quiz Kudos
Give Quiz Kudos
-
- Ratings
hide this ad
Replay
Link that replays current quiz
Next Quiz
Link to next quiz in quiz playlist
You Got
0%
They Got
Avg Score
63%
Avg Friend Score
Upgrade to see
Score Distribution
Jump to the score distribution portion of the page
Score
0/58
Timer
10:00
0
Plays Today
% Correct
M4A1
81.3%
AK47
80.5%
Red Dot
79%
Intervention
77.5%
FAMAS
76.4%
M16
76%
UMP45
75.7%
SCAR-H
74.9%
ACR
74.2%
RPG
73%
FAL
72.3%
Grenade Launcher
71.5%
ACOG
71.5%
Silencer
70.8%
TAR-21
70.4%
SPAS12
69.7%
Mini-Uzi
69.3%
FMJ
69.3%
F2000
68.9%
Holographic
68.9%
Vector
67.8%
WA2000
67.4%
Desert Eagle
67%
P90
66.7%
Javelin
66.7%
MP5K
66.3%
RPD
66.3%
M9
66.3%
USP
65.9%
% Correct
AA12
64.8%
Stinger
64%
M14 EBR
63.3%
Ranger
62.9%
Thermal
62.9%
G18
62.5%
Model 1887
61.4%
Extended Mags
61.4%
Striker
58.8%
Shotgun
58.8%
PP2000
58.4%
Thumper
57.7%
AUG HBAR
57.3%
Magnum
57.3%
Akimbo
56.6%
M1014
55.8%
Heartbeat Sensor
55.8%
AT4
54.3%
Riot Shield
53.2%
Barret 50.cal
52.4%
M240
52.1%
TMP
51.3%
L86
50.6%
M93
50.6%
MG4
49.8%
Rapid Fire
49.8%
Grip
49.8%
Tactical Knife
42.7%
Throwing Knife
31.1%
Quiz Playlist
Details
Report
Send in Message
Add To Playlist
Classic:
Type in answers that appear in a list
Last Updated: Feb 16, 2017
Quiz Scoreboard
CHALLENGE
Sign Up to Join the Scoreboard
Show All
Scores
Hide
Comments
May contain spoilers
Recently Published
9x9 Crossword: Cartoon Network
by jackfrog10
Miscellaneous
3m
College Basketball Coaching Resumes
by pancakes188
Sports
9m
Billboard Blitz: Fleetwood Mac
by CooCooCachoo
Music
15s
More to Explore
Quiz From the Vault
Featured Blog Post
Where Did the Easter Bunny Come From?
hide this ad
You Might Also Like...
Tags
attachment
gun
MW2
Today's Top Quizzes in Gaming
Browse Gaming
hide this ad
Top Contributed Quizzes in Gaming
1
5-to-1: Consoles
2
7-to-1: Board Game Piece Blitz
3
5-to-1: Legend of Zelda
4
League of Legends Pro Players by Career/Team History
5
Destiny 2 exotic weapons by perk icons
6
Ultimate Genshin Impact Logic Puzzle (up to 4.3)
7
Franchise by Action Figure
8
Who's on the WWE 2K24 Cover?
9
Genshin Impact Logic Puzzle Quiz
10
Overwatch Logic Puzzle
Explore More
Trending Topics
Marvel
Harry Potter
NBA
Crossword
Kpop
Anime
Disney
WWE
Song
NFL
Puzzle
Pokémon
Soccer
Country
The Office
hide this ad
More By:
rob9y1
Quiz
Plays
Rating
Category
Featured
Created
MW2 Guns & Attachments
267
1.00
Gaming
May 27, 2010
Go to Creator's Profile
Score Distribution
Quiz Creator Spotlight
rob9y1
Follow
Send a Message
Quizzes Created
-
Created Quiz Play Count
-
More By This Creator
Popular Quizzes Today
1
Find the US States - No Outlines Minefield
2
Find the Countries of Europe - No Outlines Minefield
3
The Countries of the World
4
Find the US States
5
Risky Map Clicking: Biggest States A-Z
6
US States
7
Popular People in 1961
8
Movies - When Are They Set?
More Gaming Quizzes
Board Game Pieces
Published
Trending Quizzes
Risky Map Clicking: Least Populous States A-Z
1-10 Letter G Words
Risky Map Clicking: Next State Alphabetically
Adjectives in 80s TV Shows
Risky Map Clicking: Biggest States A-Z
Recently Updated
Leaping Animals
pecheneg
Reality TV Shows (A-Z)
bhenderson79
Rickey Henderson's Hall of Fame Teammates
pecheneg
Champions League XIs: Arsenal
pecheneg
Quick Pick: Celebrities in WWE's Hall of Fame
aduchscher
A-Z Keypad Blitz II
pecheneg
Multiple Oscar Actors
pecheneg
Mystery Phrase Blitz: Oscar 'Best Actors'
pecheneg
F. Scott Fitzgerald Novels
LTH
Pick 3 Villains
ddd62291
Trending Topics
Marvel
NBA
Disney
Anime
Harry Potter
Crossword
Kpop
WWE
NFL
The Office
Country
Song
Soccer
Pokémon
Puzzle
Your Account Isn't Verified!
In order to create a playlist on Sporcle, you need to verify the email address you used during registration. Go to your
Sporcle Settings
to finish the process.
Report this User
Report this user for behavior that violates our
Community Guidelines
.
Details:
Send Report
Go to the Sporcle.com Mobile Site →
Comments